| 000 | 00000nam##2200000za#4500 |
| 001 | 9.635831 |
| 003 | CaOODSP |
| 005 | 20250611103529 |
| 007 | cr ||||||||||| |
| 008 | 150407|2007||||xxc|||||o f|0| 0 fre|d |
| 020 | |a978-1-100-90052-0 |
| 040 | |aCaOODSP|bfre |
| 043 | |an-cn--- |
| 086 | 1 |aA52-127/2007F-PDF |
| 110 | 1 |aCanada. |bAgriculture et agroalimentaire Canada. |
| 245 | 10|aÎle-du-Prince-Édouard, réduire l'épandage au sol de P avant plantation et maintenir les rendement en carottes |h[ressource électronique] |
| 260 | |aOttawa - Ontario : |bAgriculture et Agroalimentaire Canada |cc2007. |
| 300 | |a2p.|bgraphiques, tableau |
| 590 | |a10-10-Supp|b2010-11-09 |
| 691 | 07|aCarotte|2gcpds |
| 691 | 07|aEngrais|2gcpds |
| 775 | 08|tPrince Edward Island, reduce pre-plant soil-applied P and maintain carrot yield |w(CaOODSP)9.691503 |
| 856 | 40|ahttp://publications.gc.ca|qPDF|s305 Ko|uhttps://publications.gc.ca/collections/collection_2009/agr/A52-127-2007F.pdf |
| 986 | |aNo. AAC 10344F |